El lenguaje de los derechos. Ensayo para una teoría estructural de los derechos.
保存先:
| 第一著者: | |
|---|---|
| その他の著者: | |
| フォーマット: | 図書 |
| 言語: | 英語 |
| 出版事項: |
Madrid, España:
Trotta,
2007.
|
| シリーズ: | Colección Estructuras y Procesos, Derecho.
|
| 主題: | |
| タグ: |
タグ追加
タグなし, このレコードへの初めてのタグを付けませんか!
|
MARC
| LEADER | 00000nam a22000007a 4500 | ||
|---|---|---|---|
| 003 | CL-VaPUC | ||
| 005 | 20220822114426.0 | ||
| 008 | 220307t2007 ||||| |||| 00| 0 eng d | ||
| 999 | |c 434722 |d 434720 | ||
| 020 | |a 978-84-8164-880-5 | ||
| 040 | |c Pontificia Universidad Católica de Valparaíso | ||
| 082 | 0 | 4 | |2 22 |a 340.115 CRU 2007 |
| 100 | 1 | |a Cruz Parcero, Juan Antonio |e autor |9 866995 | |
| 245 | 1 | 3 | |a El lenguaje de los derechos. |b Ensayo para una teoría estructural de los derechos. |
| 260 | |a Madrid, España: |b Trotta, |c 2007. | ||
| 300 | |a 207 páginas. | ||
| 490 | 0 | |a Colección Estructuras y Procesos, Derecho. | |
| 500 | |a c.1 Donación Familia Prof. Alejandro Guzmán Brito. | ||
| 583 | |c 20220307 |k Yessy Stephany Diaz Vidal | ||
| 650 | 1 | |a Derechos humanos |x Filosofía del derecho |9 869853 | |
| 650 | 1 | |a Derechos civiles |x Filosofía del derecho |9 869855 | |
| 650 | 1 | |a Semántica |x Sociolingüística |x Filosofía del derecho |9 869854 | |
| 700 | |a Laporta, Francisco J. |9 387888 |e prólogo | ||
| 942 | |2 ddc |c BK |n 0 | ||
| 952 | |0 0 |1 0 |2 ddc |4 0 |6 340_115000000000000_CRU_2007 |7 1 |8 C_AGB |9 581679 |a BIBDER |b BIBDER |d 2022-03-07 |e Donación |i 5649714 |o 340.115 CRU 2007 |p 5649714 |r 2023-01-25 |t 1 |w 2022-03-07 |y BK_US |k AGB | ||